[Event "Bodensee Cup 2017"]
[Site "Kreuzlingen"]
[Date "2017.05.05"]
[Round "1.1"]
[White "Braeuning, Rudolf"]
[Black "Kurmann, Oliver"]
[Result "0-1"]
[WhiteElo "2338"]
[BlackElo "2471"]
[PlyCount "88"]
[EventDate "2017.05.??"]
[EventType "team"]
[EventRounds "3"]
[EventCountry "SUI"]
[WhiteTeam "Württemberg 2"]
[BlackTeam "Schweiz 2"]

1. e4 c5 2. Nf3 e6 3. c3 Nf6 4. e5 Nd5 5. d4 cxd4 6. cxd4 d6 7. Bc4 Nc6 8. O-O
Be7 9. Qe2 O-O 10. Qe4 Bd7 11. Re1 Rc8 12. a3 Na5 13. Ba2 Ba4 14. Bxd5 exd5 15.
Qg4 Rxc1 16. Rxc1 Nb3 17. Nc3 Bd7 18. Qg3 Be6 19. h4 Nxa1 20. Rxa1 Qb6 21. Re1
h6 22. Ne2 dxe5 23. dxe5 Qxb2 24. Nf4 Rc8 25. Nh5 Bf8 26. Kh2 Qxa3 27. Rd1 Rc4
28. Nf4 Qc5 29. h5 b5 30. Ra1 Bc8 31. Rd1 d4 32. Ne2 Qb6 33. Nfxd4 Bc5 34. Qd3
Bg4 35. f3 Bxh5 36. Nf5 Bg6 37. g4 Qe6 38. f4 h5 39. Neg3 Rxf4 40. Qd8+ Kh7 41.
Nxh5 Rxg4 42. Nhg3 Bxf5 43. Rh1 Qa2+ 44. Kh3 Qf2 0-1

[Event "Bodensee Cup 2017"]
[Site "Kreuzlingen"]
[Date "2017.05.05"]
[Round "1.2"]
[White "Moor, Roger"]
[Black "Heidenfeld, Mark"]
[Result "0-1"]
[WhiteElo "2394"]
[BlackElo "2345"]
[PlyCount "82"]
[EventDate "2017.05.??"]
[EventType "team"]
[EventRounds "3"]
[EventCountry "SUI"]
[WhiteTeam "Schweiz 2"]
[BlackTeam "Württemberg 2"]

1. c4 d6 2. g3 g6 3. Bg2 Bg7 4. Nc3 Nf6 5. Nf3 O-O 6. O-O e5 7. d3 a5 8. a3 Re8
9. Bg5 h6 10. Bxf6 Qxf6 11. Rc1 Na6 12. Nd2 Qd8 13. Rb1 c6 14. b4 axb4 15. axb4
e4 16. Qc2 exd3 17. exd3 Bf5 18. Nde4 Rc8 19. Qd2 Re7 20. Rfd1 Rd7 21. c5 dxc5
22. bxc5 Qa5 23. Ra1 Qb4 24. Ra4 Bxc3 25. Nxc3 Qxc5 26. d4 Rcd8 27. h3 h5 28.
d5 Nb4 29. g4 hxg4 30. hxg4 Bc2 31. Rxb4 Bxd1 32. Rf4 Bb3 33. Ne4 Rxd5 34. Nf6+
Kf8 35. Bxd5 Bxd5 36. Rd4 Kg7 37. Qb2 Kf8 38. Ne4 Qa5 39. Rd1 Bxe4 40. Qh8+ Ke7
41. Rxd8 Qe1+ 0-1

[Event "Bodensee Cup 2017"]
[Site "Kreuzlingen"]
[Date "2017.05.05"]
[Round "1.3"]
[White "Lorscheid, Gerhard"]
[Black "Colmenares, Aurelio"]
[Result "0-1"]
[WhiteElo "2224"]
[BlackElo "2387"]
[PlyCount "56"]
[EventDate "2017.05.??"]
[EventType "team"]
[EventRounds "3"]
[EventCountry "SUI"]
[WhiteTeam "Württemberg 2"]
[BlackTeam "Schweiz 2"]

1. d4 d5 2. c4 c6 3. Nc3 Nf6 4. e3 e6 5. Nf3 Nbd7 6. Qc2 Bd6 7. Be2 O-O 8. O-O
dxc4 9. Bxc4 e5 10. Rd1 Qc7 11. g3 b5 12. Bf1 Bb7 13. Bg2 a6 14. Ng5 Rad8 15.
Bd2 exd4 16. exd4 c5 17. Bxb7 cxd4 18. Be4 dxc3 19. Bxc3 h6 20. Nf3 Nxe4 21.
Qxe4 Nc5 22. Qg4 f5 23. Qg6 Ne4 24. Bd4 Bc5 25. Qe6+ Kh7 26. Rac1 Rd6 27. Qe5
Bxd4 28. Rxc7 Bxe5 0-1

[Event "Bodensee Cup 2017"]
[Site "Kreuzlingen"]
[Date "2017.05.05"]
[Round "1.4"]
[White "Baenziger, Fabian"]
[Black "Braun, Georg"]
[Result "0-1"]
[WhiteElo "2339"]
[BlackElo "2283"]
[PlyCount "120"]
[EventDate "2017.05.??"]
[EventType "team"]
[EventRounds "3"]
[EventCountry "SUI"]
[WhiteTeam "Schweiz 2"]
[BlackTeam "Württemberg 2"]

1. d4 Nf6 2. c4 c5 3. d5 b5 4. cxb5 a6 5. bxa6 g6 6. Nc3 Bxa6 7. e4 Bxf1 8.
Kxf1 d6 9. Nf3 Bg7 10. g3 O-O 11. Kg2 Qb6 12. Qe2 Qa6 13. Re1 Qxe2 14. Rxe2 Na6
15. Rb1 Nd7 16. Bg5 Rfb8 17. Rd1 Kf8 18. Bc1 Nc7 19. Ne1 Rb4 20. f4 Rc4 21. Rd3
Bxc3 22. Rxc3 Rca4 23. a3 f5 24. exf5 gxf5 25. Nf3 Nf6 26. Nh4 Nfxd5 27. Rd3
Rc4 28. Bd2 e6 29. Rxe6 Nxe6 30. Rxd5 Rc2 31. Kh3 Rxb2 32. Nxf5 Rd8 33. Kg4 Nc7
34. Rd3 d5 35. Ba5 Rb7 36. Rc3 c4 37. Nd4 Kf7 38. Nc6 Ra8 39. Re3 Ne6 40. f5
h5+ 41. Kh4 Nd4 42. Nxd4 Rxa5 43. Kg5 Rc5 44. Re6 c3 45. Rf6+ Ke8 46. Re6+ Kd8
47. Re1 Rc4 48. Ne6+ Kc8 49. Rc1 Kd7 50. Nf4 c2 51. Nd3 Rb1 52. Kxh5 Rxc1 53.
Nxc1 Rd4 54. f6 Ke8 55. Kg6 Kf8 56. Nb3 Rd1 57. Nc5 Rf1 58. Ne6+ Ke8 59. Nf4
Rxf4 60. gxf4 Kf8 0-1

[Event "Bodensee Cup 2017"]
[Site "Kreuzlingen"]
[Date "2017.05.05"]
[Round "1.5"]
[White "Schallner, Marc"]
[Black "Georgescu, Lena"]
[Result "1/2-1/2"]
[WhiteElo "1993"]
[BlackElo "2281"]
[PlyCount "48"]
[EventDate "2017.05.??"]
[EventType "team"]
[EventRounds "3"]
[EventCountry "SUI"]
[WhiteTeam "Württemberg 2"]
[BlackTeam "Schweiz 2"]

1. e4 c5 2. Nf3 d6 3. d4 cxd4 4. Nxd4 Nf6 5. Nc3 Nc6 6. f3 e5 7. Nb3 Be7 8. Be3
O-O 9. Qd2 a5 10. Bb5 Be6 11. Nd5 Bxd5 12. exd5 Na7 13. Be2 a4 14. Nc1 Nh5 15.
O-O Nf4 16. c4 Qd7 17. Nd3 Nxe2+ 18. Qxe2 b5 19. b3 Rfc8 20. Rfc1 Qb7 21. Rab1
a3 22. Kh1 Rc7 23. Nb4 bxc4 24. bxc4 Qc8 1/2-1/2

[Event "Bodensee Cup 2017"]
[Site "Kreuzlingen"]
[Date "2017.05.05"]
[Round "1.1"]
[White "Georgiadis, Nico"]
[Black "Breder, Dennis"]
[Result "1-0"]
[WhiteElo "2472"]
[BlackElo "2477"]
[PlyCount "131"]
[EventDate "2017.05.??"]
[EventType "team"]
[EventRounds "3"]
[EventCountry "SUI"]
[WhiteTeam "Schweiz 1"]
[BlackTeam "Bodan+ 1"]

1. d4 d5 2. c4 e6 3. Nf3 c6 4. Qc2 dxc4 5. Qxc4 Nf6 6. g3 b5 7. Qd3 Bb7 8. Bg2
Nbd7 9. O-O a6 10. Ne5 Nxe5 11. dxe5 Qxd3 12. exd3 Nd5 13. a3 Rd8 14. Rd1 Bc5
15. Nd2 Bd4 16. Re1 O-O 17. Nb3 Bb6 18. Bd2 Rd7 19. Rac1 Rc8 20. d4 Ne7 21. Ba5
Ba7 22. Red1 Nd5 23. Nc5 Bxc5 24. Rxc5 f6 25. exf6 gxf6 26. Re1 Kf7 27. Rc2 Rg8
28. Bf3 f5 29. Kf1 Kf6 30. Rce2 Re8 31. h4 Rd6 32. Bd2 Bc8 33. Bg5+ Kg6 34. Kg2
h6 35. Bd2 Nf6 36. Bc3 h5 37. Rc1 Bd7 38. Rd2 Nd5 39. Ba5 Rc8 40. Rc5 Be8 41.
Re2 Bd7 42. Rc1 Ra8 43. Re5 Rc8 44. Kf1 Nf6 45. Bb6 Ng4 46. Bxg4 hxg4 47. Ke2
Rd5 48. Ke3 Kf6 49. Kf4 Rb8 50. Bc5 a5 51. b3 a4 52. b4 Rh8 53. Rxd5 exd5 54.
Re1 Re8 55. Rxe8 Bxe8 56. Bb6 Bf7 57. Bd8+ Ke6 58. Kg5 c5 59. dxc5 d4 60. Bf6
d3 61. Bc3 Kd5 62. h5 Kc4 63. Bd2 Kb3 64. h6 Bg8 65. c6 Kxa3 66. c7 1-0

[Event "Bodensee Cup 2017"]
[Site "Kreuzlingen"]
[Date "2017.05.05"]
[Round "1.2"]
[White "Karrer, Damian"]
[Black "Jenni, Florian"]
[Result "1-0"]
[WhiteElo "2211"]
[BlackElo "2474"]
[PlyCount "65"]
[EventDate "2017.05.??"]
[EventType "team"]
[EventRounds "3"]
[EventCountry "SUI"]
[WhiteTeam "Bodan+ 1"]
[BlackTeam "Schweiz 1"]

1. e4 e5 2. Nf3 Nc6 3. Bc4 Bc5 4. b4 Bxb4 5. c3 Be7 6. d4 Na5 7. Bd3 exd4 8.
cxd4 d5 9. exd5 Qxd5 10. Nc3 Bb4 11. Bd2 Bxc3 12. Bxc3 Ne7 13. O-O Nac6 14. Qb1
Bf5 15. Bxf5 Qxf5 16. Qxb7 O-O 17. Qxc7 Rac8 18. Qg3 Ng6 19. Rfe1 Rfd8 20. Rac1
Nce7 21. Nh4 Qd5 22. Nxg6 Nxg6 23. a3 h5 24. Qe3 Rc6 25. h3 Re6 26. Qg3 Ra6 27.
Ba1 h4 28. Qc7 Rxa3 29. Rc5 Qa8 30. Rf5 Rf8 31. d5 Rd3 32. Qc4 Ra3 33. Bb2 1-0

[Event "Bodensee Cup 2017"]
[Site "Kreuzlingen"]
[Date "2017.05.05"]
[Round "1.3"]
[White "Gaehwiler, Gabriel"]
[Black "Schmid, Michael"]
[Result "1-0"]
[WhiteElo "2409"]
[BlackElo "2194"]
[PlyCount "49"]
[EventDate "2017.05.??"]
[EventType "team"]
[EventRounds "3"]
[EventCountry "SUI"]
[WhiteTeam "Schweiz 1"]
[BlackTeam "Bodan+ 1"]

1. d4 Nf6 2. c4 g6 3. Nf3 Bg7 4. Nc3 d6 5. Bg5 h6 6. Bh4 Nbd7 7. e3 O-O 8. Bd3
e5 9. O-O Re8 10. Nd2 c6 11. Nde4 Qc7 12. c5 Nxe4 13. Nxe4 dxc5 14. dxc5 Bf8
15. Bc4 Bxc5 16. b4 b6 17. Bxf7+ Kxf7 18. bxc5 Kg7 19. f4 exf4 20. Nd6 Re6 21.
Qd4+ Kg8 22. Qxf4 Nxc5 23. Qf8+ Kh7 24. Nf7 g5 25. Qh8+ 1-0

[Event "Bodensee Cup 2017"]
[Site "Kreuzlingen"]
[Date "2017.05.05"]
[Round "1.4"]
[White "Mira, Helene"]
[Black "Nuri, Kambez"]
[Result "1-0"]
[WhiteElo "2055"]
[BlackElo "2263"]
[PlyCount "85"]
[EventDate "2017.05.??"]
[EventType "team"]
[EventRounds "3"]
[EventCountry "SUI"]
[WhiteTeam "Bodan+ 1"]
[BlackTeam "Schweiz 1"]

1. Nf3 Nf6 2. c4 g6 3. Nc3 Bg7 4. e4 O-O 5. d4 d6 6. Be2 Nbd7 7. O-O e5 8. Be3
Qe7 9. dxe5 dxe5 10. Nd5 Qd8 11. Nxf6+ Nxf6 12. Qc2 Qe7 13. c5 c6 14. Nd2 Be6
15. Nc4 Ne8 16. Na5 Kh8 17. Bc4 Bc8 18. b4 f5 19. f3 f4 20. Bd2 g5 21. Bc3 h5
22. Bb3 Nc7 23. a4 Ne6 24. Nc4 Nd8 25. Rad1 g4 26. Nd6 Bd7 27. fxg4 hxg4 28. g3
a5 29. bxa5 Ne6 30. Bxe6 Bxe6 31. Qb2 Bc4 32. Rf2 fxg3 33. hxg3 Rxf2 34. Qxf2
Rf8 35. Nf5 Qf7 36. Qh2+ Kg8 37. Qh4 Be2 38. Ne7+ Qxe7 39. Qxe7 Bxd1 40. Bxe5
Bxe5 41. Qxe5 Rf7 42. Qg5+ Kh7 43. e5 1-0

[Event "Bodensee Cup 2017"]
[Site "Kreuzlingen"]
[Date "2017.05.05"]
[Round "1.5"]
[White "Dill, Xaver"]
[Black "Angst, Oliver"]
[Result "1-0"]
[WhiteElo "2080"]
[BlackElo "1945"]
[PlyCount "109"]
[EventDate "2017.05.??"]
[EventType "team"]
[EventRounds "3"]
[EventCountry "SUI"]
[WhiteTeam "Schweiz 1"]
[BlackTeam "Bodan+ 1"]

1. e4 c5 2. Nf3 d6 3. Bb5+ Nd7 4. d4 cxd4 5. Qxd4 a6 6. Bxd7+ Bxd7 7. O-O e5 8.
Qd3 Rc8 9. c4 Qc7 10. b3 Nf6 11. Bg5 Be7 12. Rd1 Bc6 13. Nc3 Nd7 14. Bxe7 Kxe7
15. Qe3 f6 16. Rac1 Nc5 17. b4 Na4 18. c5 dxc5 19. Nxa4 Bxa4 20. Rd5 Rhd8 21.
Rdxc5 Qd7 22. h3 Rxc5 23. Rxc5 Bc6 24. Rc3 Qd1+ 25. Kh2 Qb1 26. Qc5+ Ke8 27.
Nxe5 fxe5 28. Qxe5+ Kd7 29. Qxg7+ Kc8 30. Qxh7 Qxb4 31. Re3 Qd6+ 32. e5 Qd5 33.
Qf5+ Kb8 34. Rg3 Re8 35. Rg5 Bd7 36. Qf6 Bc6 37. a3 Qd7 38. h4 Ka8 39. h5 Qh7
40. f3 Rh8 41. e6 Qc7+ 42. Qe5 Kb8 43. f4 Qxe5 44. Rxe5 Kc7 45. g4 Kd6 46. Kg3
Rh6 47. e7 Be8 48. Re3 Rh7 49. f5 Rxe7 50. Rd3+ Ke5 51. h6 Kf6 52. Kf4 Bd7 53.
Rd6+ Kf7 54. h7 Bxf5 55. h8=Q 1-0

[Event "Bodensee Cup 2017"]
[Site "Kreuzlingen"]
[Date "2017.05.05"]
[Round "1.1"]
[White "Weindl, Alfred"]
[Black "Kvetny, Mark"]
[Result "1-0"]
[WhiteElo "2328"]
[BlackElo "2410"]
[PlyCount "85"]
[EventDate "2017.05.??"]
[EventType "team"]
[EventRounds "3"]
[EventCountry "SUI"]
[WhiteTeam "Bodan+ 2"]
[BlackTeam "Württemberg 1"]

1. Nf3 d5 2. g3 Nf6 3. Bg2 c5 4. O-O e6 5. d3 Nc6 6. Nbd2 Be7 7. e4 b5 8. exd5
Nxd5 9. c4 bxc4 10. dxc4 Nb6 11. Ne4 Qxd1 12. Rxd1 Nxc4 13. b3 Nb6 14. Be3 O-O
15. Bxc5 Rb8 16. Ne5 Nxe5 17. Bxe7 Ba6 18. Bxf8 Kxf8 19. Nc5 Be2 20. Rd2 Nf3+
21. Bxf3 Bxf3 22. Nd7+ Nxd7 23. Rxd7 a6 24. Rc1 g5 25. Rc3 Be4 26. f3 Bb1 27.
Rcc7 Bg6 28. Rc5 h6 29. Kf2 Rb6 30. Ke3 Kg7 31. Kd4 Bb1 32. Rcc7 e5+ 33. Kxe5
Re6+ 34. Kd4 Rf6 35. a4 Rxf3 36. b4 Ra3 37. Rxf7+ Kg6 38. Rf1 Rb3 39. Kc5 Rc3+
40. Kb6 Rb3 41. Ka5 Be4 42. Re7 Bd5 43. Rd1 1-0

[Event "Bodensee Cup 2017"]
[Site "Kreuzlingen"]
[Date "2017.05.05"]
[Round "1.2"]
[White "Gheng, Josef"]
[Black "Knoedler, Dieter"]
[Result "1-0"]
[WhiteElo "2325"]
[BlackElo "2308"]
[PlyCount "83"]
[EventDate "2017.05.??"]
[EventType "team"]
[EventRounds "3"]
[EventCountry "SUI"]
[WhiteTeam "Württemberg 1"]
[BlackTeam "Bodan+ 2"]

1. c4 e6 2. Nf3 Nf6 3. g3 b6 4. Bg2 Bb7 5. O-O c5 6. Nc3 d6 7. b3 Nbd7 8. Bb2
Be7 9. e3 O-O 10. d4 Qb8 11. Re1 Ne4 12. Nxe4 Bxe4 13. Ne5 Bxg2 14. Nxd7 Qb7
15. Nxf8 Bf3 16. Qd3 Be4 17. Qf1 Rxf8 18. Rad1 Bf3 19. Rd2 f5 20. Qd3 Rf7 21.
a3 Bf8 22. b4 Qc8 23. bxc5 bxc5 24. dxc5 Qxc5 25. Bc3 Bb7 26. Rf1 Qxa3 27. Rb2
Qc5 28. Bd4 Qc6 29. f3 Ba6 30. Rb8 Rc7 31. Qa3 Bc8 32. Bxa7 Qxc4 33. Rbb1 d5
34. Qa5 Bc5 35. Rbc1 Bxa7 36. Rxc4 Bxe3+ 37. Kh1 Rxc4 38. Rb1 Bg5 39. Rb8 Kf7
40. Qa8 Rc1+ 41. Kg2 Bd7 42. Rb7 1-0

[Event "Bodensee Cup 2017"]
[Site "Kreuzlingen"]
[Date "2017.05.05"]
[Round "1.3"]
[White "Leutwyler, Martin"]
[Black "Schnepp, Gunnar"]
[Result "1/2-1/2"]
[WhiteElo "2183"]
[BlackElo "2349"]
[PlyCount "66"]
[EventDate "2017.05.??"]
[EventType "team"]
[EventRounds "3"]
[EventCountry "SUI"]
[WhiteTeam "Bodan+ 2"]
[BlackTeam "Württemberg 1"]

1. d4 Nf6 2. c4 d5 3. Nf3 e6 4. g3 dxc4 5. Bg2 Be7 6. Ne5 c5 7. Qa4+ Nbd7 8.
dxc5 O-O 9. Nxd7 Nxd7 10. Qxc4 Nxc5 11. O-O b5 12. Qc2 Bb7 13. Bxb7 Nxb7 14.
Rd1 Rc8 15. Nc3 Qe8 16. a3 a5 17. Qb3 b4 18. Na4 Qb5 19. axb4 axb4 20. Qd3 Qc6
21. Be3 Rfd8 22. Qb1 h5 23. h4 Rxd1+ 24. Qxd1 Rd8 25. Qc1 Qb5 26. Qe1 Nc5 27.
Nxc5 Bxc5 28. Bxc5 Qxc5 29. Rc1 Qd4 30. b3 Qb2 31. Rc4 Rd2 32. e3 f6 33. Rxb4
Kh7 1/2-1/2

[Event "Bodensee Cup 2017"]
[Site "Kreuzlingen"]
[Date "2017.05.05"]
[Round "1.5"]
[White "Krebs, Samuel"]
[Black "Maj, Kornel"]
[Result "0-1"]
[WhiteElo "2034"]
[BlackElo "2113"]
[PlyCount "98"]
[EventDate "2017.05.??"]
[EventType "team"]
[EventRounds "3"]
[EventCountry "SUI"]
[WhiteTeam "Bodan+ 2"]
[BlackTeam "Württemberg 1"]

1. e4 e5 2. Nf3 Nc6 3. d4 exd4 4. Bc4 Nf6 5. e5 d5 6. Bb5 Ne4 7. Nxd4 Bd7 8.
Bxc6 bxc6 9. O-O Bc5 10. f3 Ng5 11. f4 Ne4 12. Be3 O-O 13. Nd2 Nxd2 14. Qxd2
Bb6 15. Nb3 Bf5 16. Bc5 f6 17. Qc3 fxe5 18. fxe5 Qg5 19. Rf2 Be4 20. Raf1 Rxf2
21. Rxf2 Re8 22. Nd2 Bxc5 23. Qxc5 Qxe5 24. Nxe4 Qxe4 25. Qxc6 h6 26. Qc3 d4
27. Qf3 Qe1+ 28. Rf1 Qe3+ 29. Qxe3 Rxe3 30. Kf2 c5 31. Re1 Rxe1 32. Kxe1 Kf7
33. Ke2 Ke6 34. Kd3 Kd5 35. b3 g6 36. g3 h5 37. h4 Kd6 38. Ke4 Ke6 39. a3 a6
40. Kf4 Kd5 41. Kf3 c4 42. Ke2 d3+ 43. Kd2 cxb3 44. cxb3 Kd4 45. a4 a5 46. b4
axb4 47. a5 b3 48. Kc1 Kc3 49. a6 b2+ 0-1

[Event "Bodensee Cup 2017"]
[Site "Kreuzlingen"]
[Date "2017.05.06"]
[Round "2.1"]
[White "Kvetny, Mark"]
[Black "Georgiadis, Nico"]
[Result "1/2-1/2"]
[WhiteElo "2410"]
[BlackElo "2472"]
[PlyCount "26"]
[EventDate "2017.05.??"]
[EventType "team"]
[EventRounds "3"]
[EventCountry "SUI"]
[WhiteTeam "Württemberg 1"]
[BlackTeam "Schweiz 1"]

1. d4 d5 2. c4 e6 3. Nc3 Bb4 4. e3 Nf6 5. Bd3 O-O 6. Nf3 b6 7. O-O dxc4 8. Bxc4
Bb7 9. Bd2 Nbd7 10. Qe2 c5 11. a3 Bxc3 12. Bxc3 Ne4 13. Ba6 Qc8 1/2-1/2

[Event "Bodensee Cup 2017"]
[Site "Kreuzlingen"]
[Date "2017.05.06"]
[Round "2.2"]
[White "Jenni, Florian"]
[Black "Gheng, Josef"]
[Result "1-0"]
[WhiteElo "2474"]
[BlackElo "2325"]
[PlyCount "151"]
[EventDate "2017.05.??"]
[EventType "team"]
[EventRounds "3"]
[EventCountry "SUI"]
[WhiteTeam "Schweiz 1"]
[BlackTeam "Württemberg 1"]

1. e4 e5 2. Nf3 Nc6 3. Bb5 a6 4. Bxc6 dxc6 5. Nc3 Qd6 6. O-O Bg4 7. h3 Bh5 8.
g4 Bg6 9. d4 exd4 10. Qxd4 Qxd4 11. Nxd4 O-O-O 12. Be3 h5 13. f3 hxg4 14. hxg4
Bd6 15. Nde2 f6 16. Bf4 Bc5+ 17. Kg2 Ne7 18. Rad1 Bf7 19. Bg3 g6 20. Rxd8+ Kxd8
21. Bf2 Bxf2 22. Kxf2 c5 23. Kg2 Kd7 24. Rd1+ Kc8 25. Nf4 b6 26. Ncd5 Ng8 27.
c4 g5 28. Nh5 Rh6 29. Ng3 Rh7 30. Nf5 Be6 31. b3 Kb7 32. Nde3 Kc8 33. a4 Rd7
34. Rxd7 Kxd7 35. Kg3 Ne7 36. Nxe7 Kxe7 37. f4 c6 38. Kf3 b5 39. a5 gxf4 40.
Kxf4 Kd6 41. e5+ fxe5+ 42. Ke4 Bg8 43. Kf5 e4 44. Kf6 Bxc4 45. bxc4 b4 46. g5
b3 47. g6 b2 48. g7 b1=Q 49. g8=Q Qa1+ 50. Kf5 Qxa5 51. Qc8 Qb6 52. Kxe4 Qb1+
53. Kf4 Qc1 54. Qd8+ Ke6 55. Qc8+ Kd6 56. Qxa6 Qd2 57. Qc8 Qd4+ 58. Kf3 Qf6+
59. Kg3 Qe5+ 60. Kf2 Qf6+ 61. Kg2 Qb2+ 62. Kh3 Qb3 63. Qe8 Kc7 64. Qe5+ Kb7 65.
Qxc5 Qc3 66. Kg4 Qg7+ 67. Kf3 Qf6+ 68. Nf5 Ka6 69. Ke4 Qg6 70. Ke5 Qe8+ 71. Kf4
Qd7 72. Qa3+ Kb6 73. c5+ Kb7 74. Nd6+ Kb8 75. Qb3+ Ka8 76. Qg8+ 1-0

[Event "Bodensee Cup 2017"]
[Site "Kreuzlingen"]
[Date "2017.05.06"]
[Round "2.3"]
[White "Schnepp, Gunnar"]
[Black "Gaehwiler, Gabriel"]
[Result "1/2-1/2"]
[WhiteElo "2349"]
[BlackElo "2409"]
[PlyCount "77"]
[EventDate "2017.05.??"]
[EventType "team"]
[EventRounds "3"]
[EventCountry "SUI"]
[WhiteTeam "Württemberg 1"]
[BlackTeam "Schweiz 1"]

1. d4 Nf6 2. c4 g6 3. Nc3 Bg7 4. e4 d6 5. Be2 O-O 6. Nf3 e5 7. O-O Nc6 8. d5
Ne7 9. Nd2 a5 10. Rb1 Nd7 11. a3 f5 12. b4 Kh8 13. f3 axb4 14. axb4 c6 15. dxc6
Nxc6 16. exf5 gxf5 17. Nb5 Nf6 18. Kh1 d5 19. f4 e4 20. Nb3 dxc4 21. Bxc4 Ng4
22. Qe1 Ra2 23. h3 Nf6 24. Nc5 Ra8 25. Be3 Qe7 26. Qd1 Rd8 27. Qb3 Nh5 28. Rfd1
Rxd1+ 29. Qxd1 Qh4 30. Nd6 h6 31. Qd5 Ne7 32. Qf7 Ra3 33. Nb3 Bd7 34. Nxb7 Ra8
35. Bd4 Bxd4 36. Nxd4 Nxf4 37. Bf1 Rg8 38. Nc5 Be8 39. Nxf5 1/2-1/2

[Event "Bodensee Cup 2017"]
[Site "Kreuzlingen"]
[Date "2017.05.06"]
[Round "2.4"]
[White "Nuri, Kambez"]
[Black "Misanovic, Vesna"]
[Result "1/2-1/2"]
[WhiteElo "2263"]
[BlackElo "2285"]
[PlyCount "148"]
[EventDate "2017.05.??"]
[EventType "team"]
[EventRounds "3"]
[EventCountry "SUI"]
[WhiteTeam "Schweiz 1"]
[BlackTeam "Württemberg 1"]

1. e4 e5 2. Nf3 Nc6 3. d4 exd4 4. Nxd4 Nf6 5. Nxc6 bxc6 6. e5 Qe7 7. Qe2 Nd5 8.
c4 Ba6 9. b3 Qh4 10. a3 Nf4 11. Qe4 Ng6 12. Qxh4 Nxh4 13. Bb2 c5 14. Nd2 Bb7
15. f3 Be7 16. Kf2 Nf5 17. Bd3 Nd4 18. b4 O-O 19. Rab1 f6 20. exf6 Bxf6 21. Ne4
Bh4+ 22. Kf1 Rae8 23. Bxd4 cxd4 24. Ke2 Bg5 25. Kd1 Be7 26. Re1 Bc6 27. Kd2 a5
28. c5 axb4 29. axb4 Bd5 30. Bc2 Ra8 31. Ra1 Rfb8 32. Rxa8 Rxa8 33. Kd3 Bxe4+
34. fxe4 Bf6 35. e5 Re8 36. Kxd4 d6 37. cxd6 cxd6 38. Kd5 dxe5 39. Rb1 Rd8+ 40.
Ke6 Re8+ 41. Kf5 Bd8 42. Bb3+ Kf8 43. Ke4 Ke7 44. Rf1 Kd6 45. Rd1+ Kc7 46. Bd5
Kb6 47. Rc1 Re7 48. Bc6 Bc7 49. b5 Rf7 50. Kd5 Rf2 51. Ra1 Rd2+ 52. Kc4 Rd4+
53. Kc3 Rd8 54. Ra6+ Kc5 55. Ra7 Kd6 56. Be4 h6 57. Ra6+ Ke7 58. b6 Bb8 59.
Ra7+ Kf6 60. Ra8 Ke7 61. Kc4 Rd4+ 62. Kb5 Bd6 63. Bc6 Rb4+ 64. Ka6 e4 65. Re8+
Kf7 66. Rxe4 Rxe4 67. Bxe4 Bxh2 68. Kb7 Kf6 69. Kc8 Kg5 70. b7 h5 71. b8=Q Bxb8
72. Kxb8 Kf4 73. Bc6 h4 74. Kc7 g5 1/2-1/2

[Event "Bodensee Cup 2017"]
[Site "Kreuzlingen"]
[Date "2017.05.06"]
[Round "2.5"]
[White "Maj, Kornel"]
[Black "Dill, Xaver"]
[Result "1-0"]
[WhiteElo "2113"]
[BlackElo "2080"]
[PlyCount "65"]
[EventDate "2017.05.??"]
[EventType "team"]
[EventRounds "3"]
[EventCountry "SUI"]
[WhiteTeam "Württemberg 1"]
[BlackTeam "Schweiz 1"]

1. e4 e5 2. Nf3 Nc6 3. Bb5 a6 4. Ba4 Nf6 5. O-O Be7 6. Re1 b5 7. Bb3 O-O 8. c3
d5 9. exd5 Nxd5 10. Nxe5 Nxe5 11. Rxe5 c6 12. d4 Bd6 13. Re1 Qh4 14. g3 Qh3 15.
Re4 g5 16. Qf1 Qh5 17. Nd2 Bf5 18. f3 Bh3 19. Qf2 f5 20. Re6 Rad8 21. c4 bxc4
22. Nxc4 Bb8 23. Rxc6 Kh8 24. Bd2 Rfe8 25. Rxa6 Nf4 26. gxf4 gxf4 27. Ne5 Bxe5
28. dxe5 Rg8+ 29. Bxg8 Rxg8+ 30. Kh1 Bg2+ 31. Qxg2 Rxg2 32. Kxg2 Qg5+ 33. Kh1
1-0

[Event "Bodensee Cup 2017"]
[Site "Kreuzlingen"]
[Date "2017.05.06"]
[Round "2.1"]
[White "Kurmann, Oliver"]
[Black "Hommeles, Theo"]
[Result "1-0"]
[WhiteElo "2471"]
[BlackElo "2367"]
[PlyCount "67"]
[EventDate "2017.05.??"]
[EventType "team"]
[EventRounds "3"]
[EventCountry "SUI"]
[WhiteTeam "Schweiz 2"]
[BlackTeam "Bodan+ 2"]

1. e4 e5 2. Nf3 Nc6 3. Bc4 Nf6 4. d3 Bc5 5. O-O O-O 6. h3 a6 7. c3 d6 8. Bb3
Ba7 9. Re1 Ne7 10. Nbd2 Ng6 11. Nf1 Nh5 12. d4 Nhf4 13. Ng3 Qe7 14. Be3 h6 15.
Bc2 Qf6 16. Nf5 Rd8 17. Qd2 Bd7 18. g3 Ne6 19. Kg2 Nef8 20. Nh2 d5 21. Ng4 Qe6
22. Bxh6 dxe4 23. Bxe4 Bc6 24. Bxc6 Qxc6+ 25. Kh2 Ne6 26. Nxe5 Nxe5 27. Ne7+
Kf8 28. Nxc6 Nf3+ 29. Kg2 Nxd2 30. Nxd8 gxh6 31. Nxe6+ fxe6 32. b3 c5 33. dxc5
Rd8 34. Rad1 1-0

[Event "Bodensee Cup 2017"]
[Site "Kreuzlingen"]
[Date "2017.05.06"]
[Round "2.2"]
[White "Knoedler, Dieter"]
[Black "Moor, Roger"]
[Result "0-1"]
[WhiteElo "2308"]
[BlackElo "2394"]
[PlyCount "54"]
[EventDate "2017.05.??"]
[EventType "team"]
[EventRounds "3"]
[EventCountry "SUI"]
[WhiteTeam "Bodan+ 2"]
[BlackTeam "Schweiz 2"]

1. c4 Nf6 2. g3 g6 3. Bg2 d5 4. cxd5 Nxd5 5. Nc3 Nxc3 6. bxc3 Bg7 7. Nf3 O-O 8.
O-O Nd7 9. Rb1 c5 10. Qa4 Nb6 11. Qa5 Bf5 12. Rb5 c4 13. Nd4 Bxd4 14. cxd4 Bd7
15. Rc5 Bg4 16. e3 Qd7 17. Ba3 Rfe8 18. Re1 Bf5 19. e4 Bg4 20. d5 Bh3 21. Bxh3
Qxh3 22. Rc7 Nd7 23. Bb2 Rac8 24. e5 b6 25. Qxa7 Nc5 26. Rxe7 Nd3 27. Rxf7 Nxe1
0-1

[Event "Bodensee Cup 2017"]
[Site "Kreuzlingen"]
[Date "2017.05.06"]
[Round "2.3"]
[White "Colmenares, Aurelio"]
[Black "Leutwyler, Martin"]
[Result "1-0"]
[WhiteElo "2387"]
[BlackElo "2183"]
[PlyCount "80"]
[EventDate "2017.05.??"]
[EventType "team"]
[EventRounds "3"]
[EventCountry "SUI"]
[WhiteTeam "Schweiz 2"]
[BlackTeam "Bodan+ 2"]

1. e4 c6 2. d4 d5 3. e5 Bf5 4. h4 h5 5. Bd3 Bxd3 6. Qxd3 e6 7. Bg5 Qb6 8. Nd2
Ne7 9. Bxe7 Bxe7 10. Ngf3 Qa6 11. c4 Nd7 12. O-O Rd8 13. Ng5 c5 14. Rfe1 Nb6
15. Qf3 Bxg5 16. hxg5 Nxc4 17. g6 O-O 18. Nb3 fxg6 19. Qh3 Rf5 20. Nxc5 Qc6 21.
b3 Nxe5 22. Rac1 Ng4 23. Nxe6 Nxf2 24. Rxc6 Nxh3+ 25. gxh3 Re8 26. Rcc1 Rf3 27.
Kg2 Rd3 28. h4 Rd2+ 29. Kg1 Rxa2 30. Ng5 Rxe1+ 31. Rxe1 Kf8 32. Rc1 b5 33. Rc7
a5 34. Ne6+ Ke8 35. Nxg7+ Kd8 36. Ne6+ Ke8 37. Rc5 b4 38. Rb5 Rb2 39. Rxa5 Rxb3
40. Kg2 Kd7 1-0

[Event "Bodensee Cup 2017"]
[Site "Kreuzlingen"]
[Date "2017.05.06"]
[Round "2.4"]
[White "Marentini, Marcel"]
[Black "Baenziger, Fabian"]
[Result "0-1"]
[WhiteElo "2023"]
[BlackElo "2339"]
[PlyCount "58"]
[EventDate "2017.05.??"]
[EventType "team"]
[EventRounds "3"]
[EventCountry "SUI"]
[WhiteTeam "Bodan+ 2"]
[BlackTeam "Schweiz 2"]

1. Nf3 g6 2. c4 Bg7 3. Nc3 d6 4. d4 Nf6 5. e4 O-O 6. h3 e5 7. d5 a5 8. Be3 Na6
9. g4 Nd7 10. a3 Nb6 11. Rg1 Kh8 12. Qc2 f5 13. Be2 f4 14. Bd2 Nc5 15. Na2 a4
16. Bc3 c6 17. dxc6 bxc6 18. O-O-O Qc7 19. Kb1 Be6 20. Bb4 Nbd7 21. Nc1 Rfb8
22. Rd2 Nb7 23. Rdd1 Bf8 24. Ka1 Qb6 25. Rgf1 Ndc5 26. Bc3 Na5 27. Nd2 Kg8 28.
Bb4 Nab3+ 29. Ncxb3 axb3 0-1